=LDR 00000nam 2200000 4500 =001 NUTBA000000000003721 =005 20140825175846.0 =006 =007 =008 =020 ##$$a 978-979-534-710-1 =035 ##$$a 0010-081400000000566 =082 ##$$a 510-Jer-j =100 ##$$a Jerry Bobrow,Ph.D =245 ##$$a Matematika dasar dan Pra-Aljabar =260 ##$$a Bandung $b Pakar Raya $c 2004 =300 ##$$a x,168 Hlm $c 21 Cm =990 ##$$a 0001/BPAP-NTB/20142014 =990 ##$$a 0001/BPAP-NTB/20142014 =990 ##$$a 0001/BPAP-NTB/20142014 =990 ##$$a 0001/BPAP-NTB/20142014